Statistics for Alexander the Great

Click here to take the quiz!

General Stats

  • This quiz has been taken 87 times
  • The average score is 15 of 29

Answer Stats

HintAnswer% Correct
Alexander was born in 356 BC in which country?Macedon
93%
Who was Alexander's father?Phillip II
90%
Alexander was taught from age 13-16 by whom?Aristotle
87%
Olympias may have convinced Alexander that he was the son of which Greek god?Zeus
87%
And he conquered what country?Greece
86%
In Egypt, Alexander crowned himself Pharaoh and built the first of many cities named after himself, which was called?Alexandria
77%
When Phillip was murdered, who succeeded him as ruler?Alexander
73%
Legend has it that Alexander tamed a horse whom he later named a city after. What was this horse's name?Bucephalus
66%
Alexander and his army were welcomed as heroes into this ancient city.Babylon
65%
And these people were led by whom?Darius III
62%
When he conquered Epirus, he married Alexander's mother, named?Olympias
61%
Alexander possibly slept with a copy of which famous book?The Iliad
58%
Alexander's childhood friend and possible lover was named?Hephaestion
55%
Alexander inflicted a crushing defeat on the Persians at the battle of?Gaugamela
49%
His empire was divided between his four generals. The one who established a dynasty in Egypt was?Ptolemy
48%
Alexander built a bridge to conquer this coastal city in Phonecia.Tyre
46%
Alexander gathered an army and travelled east to defeat whom?Persians
45%
When he arrived at this city, Alexander burned it to the ground.Persepolis
42%
According to legend, what were his last words?To the strongest
38%
Alexander won his first major victory against the Persians at what river?Granicus
37%
Alexander was planning further conquests into which region when he fell ill?Arabia
32%
And the king whom he defeated was named?Porus
32%
Another took control of Syria and Paletine.Seleucus
27%
At this river on the edges of India, Alexander cleverly defeated an army of soldiers riding elephants.Hydaspes
25%
The first and favourite wife of Alexander was named?Roxana
24%
Alexander went on to conquer several Greek cities in Ionia. (One of these starts with E)Ephesus
20%
Another starts with H.Halicarnassus
15%
Another starts with M.Miletus
14%
Another starts with S.Sardis
13%

Score Distribution

Percentile by Number Answered

Percent of People with Each Score

Your Score History

You have not taken this quiz